000 00494nam a2200205Ia 4500
003 OSt
005 20140311163114.0
008 140130s9999 xx 000 0 und d
020 _a0439051630
050 _aPZ 7
_b.B146Ch 1999
100 _aBaglio, Ben M.
_95246
245 _aChick Challenge /
_cBen M. Baglio.
260 _bScholastic,
_c1999.
_aNew York :
300 _a119 p. :
_c18 cm.
440 _v1
_931174
521 _aG3
526 _c570
942 _cBK
_2lcc
999 _c40671
_d40671